[Event "London Classic 6th"]
[Site "London"]
[Date "2014.12.11"]
[Round "2"]
[White "Kramnik, Vladimir"]
[Black "Nakamura, Hikaru"]
[Result "1-0"]
[WhiteElo "2769"]
[BlackElo "2775"]
[Annotator "Kramnik,V"]
[PlyCount "81"]
[EventDate "2014.12.10"]
[EventType "tourn"]
[EventRounds "5"]
[EventCountry "ENG"]
[EventCategory "22"]
[SourceTitle "CBM 164"]
[Source "ChessBase"]
[SourceDate "2015.01.15"]
[SourceVersion "1"]
[SourceVersionDate "2015.01.15"]
[SourceQuality "1"]

1. d4 Nf6 2. c4 g6 3. Nc3 Bg7 4. e4 d6 5. Be2 O-O 6. Nf3 e5 7. d5 {The
Petrosian variation was my favourite weapon against the King's Indian in the
good old days (1993, 1994) and brought me a few memorable victories including
two against the current world champion at that time Garry Kasparov.} a5 8. Bg5
h6 {The only acceptable move here, otherwise White plays Nd2 next and then
always meets ...h6 with Be3 reaching the best possible setup.} (8... Na6 9. Nd2
h6 10. Be3) 9. Be3 {This is a new, very direct concept. When I was playing
this variation some twenty years ago I always chose 9.Bh4 which is by far the
main theoretical move here.} Ng4 {Practically forced, Nd2 is coming next
otherwise.} 10. Bd2 f5 11. h3 Nf6 (11... Nxf2 $2 {just doesn't work} 12. Kxf2
fxe4 13. Nxe4 Qh4+ 14. Ke3 Qf4+ 15. Kd3 Qxe4+ 16. Kxe4 Bf5+ 17. Ke3) 12. exf5
gxf5 (12... Bxf5 {is not really an option} 13. g4 Bd7 14. g5 $16) 13. Qc1 $1 {
The point of White's play, starting very concrete play.} f4 {The most logical
move. There is no comfortable way to protect the pawn on h6.} (13... Kh7 14. g4
) (13... h5 14. Ng5 {followed by g4 at some point.}) 14. g3 {Again the only
justification of White's play.} e4 15. Nh4 e3 (15... f3 {strangely enough this
tempting move leads to a difficult position for Black after} 16. Bd1 Kh7 17.
Bc2) 16. fxe3 fxg3 17. Ng6 {The critical position of the variation. It is very
complicated and even with the help of the computer it's hard to understand who
is better here and why.} Rf7 {Two other acceptable options are} (17... Re8) ({
and} 17... g2 18. Rg1 Bxh3) 18. Qc2 Nfd7 $2 {This is just too slow, Black has
no time for regrouping.} (18... Na6 {is the only reasonable move here.}) 19.
O-O-O Ne5 (19... Nc5 {doesn't solve the problems} 20. Rhf1 $1 Rxf1 21. Rxf1
Bxh3 ({or} 21... Qe8 22. Rf3 g2 23. Rg3) 22. Rg1 Qg5 23. Nf4 Bf5 24. e4 {
and since Black is lacking development, his position just collapses.}) 20. Rhf1
{The most straightforward move although} (20. Nf4 {was very attractive too:}
Na6 21. Rhg1 Qh4 22. Qe4) 20... Rxf1 (20... Bxh3 {is just losing} 21. Nxe5 Rxf1
(21... Bxf1 22. Nxf7) 22. Bxf1 Bxf1 23. Rxf1 dxe5 24. Qg6) (20... Qe8 21. Rxf7
Qxf7 22. Nf4 Na6 23. Rg1 Nb4 24. Qb3 {taking the key pawn on g3.}) 21. Rxf1
Bxh3 22. Rg1 {Starting a direct attack.} Qf6 {Other moves do not make life
easier, for example} (22... Qg5 23. Nf4 Bf5 24. e4 Bg6 25. Ne6 Qe7 26. Rxg3 Na6
27. Bf4) (22... g2 23. Nxe5 dxe5 24. Qg6 Qg5 25. Qe8+ Bf8 26. Ne4) 23. Rxg3 (
23. Nf4 {is good as well but less direct.}) 23... Nxg6 (23... Qf2 {the
computer shows this resource which I missed during the game but still White is
just a pawn up after} 24. Rxh3 Qg1+ 25. Bd1 Qxg6 26. Qxg6 Nxg6 27. Nb5 Na6 28.
Bxa5 b6 29. Be1 Ne5 30. Be2 {and White must manage to win this endgame.}) 24.
Rxg6 Qf7 (24... Bf5 {loses after} 25. Rxf6 Bxc2 26. Re6 Bf5 27. Re8+ Kf7 28.
Bh5+ Bg6 29. Bxg6+ Kxg6 30. Nb5) (24... Qf2 {is bad as well} 25. Nd1 Qxe2 26.
Rxg7+ Kxg7 27. Bc3+) 25. Rg3 Bf5 26. e4 Bg6 27. Bg4 Qf1+ {This is losing by
force, the only way to keep the game on was the passive} (27... Kh8 28. Be6 Qe8
{at least not losing immediatly.}) 28. Nd1 Be5 ({or} 28... Kh7 29. Bh3 Qf7 30.
Rxg6) 29. Bh3 $1 Qf6 30. Rg1 {White has a powerful attack without being even a
pawn down.} Kh7 (30... Kh8 31. Bf5 Be8 {now anything wins} 32. Be3 (32. Ne3))
31. Bf5 $1 {The final blow.} Bxf5 32. exf5 Nd7 33. Rg6 Qf7 34. Rxh6+ Kg8 35.
Rg6+ Kf8 36. Nf2 {Simple chess, just getting the last piece into the attack,
there is no need to hurry.} b5 {The counterattack is a little late.} 37. Ng4
bxc4 38. Qxc4 Qxf5 39. Rg8+ Ke7 40. Bg5+ (40. Rxa8 {was tempting as well.})
40... Bf6 41. Qe2+ {To my slight disappointment Hikaru decided to call it a
day here instead of finishing it with ...Kf7 Nh6 mate.} 1-0

[Event "Tata Steel-A 77th"]
[Site "Wijk aan Zee"]
[Date "2015.01.20"]
[Round "9"]
[White "Giri, Anish"]
[Black "Ding, Liren"]
[Result "1-0"]
[WhiteElo "2784"]
[BlackElo "2732"]
[Annotator "Szabo,Kr"]
[PlyCount "149"]
[EventDate "2015.01.10"]
[EventType "tourn"]
[EventRounds "13"]
[EventCountry "NED"]
[EventCategory "20"]
[SourceTitle "CBM 165"]
[Source "ChessBase"]
[SourceDate "2015.03.11"]
[SourceVersion "1"]
[SourceVersionDate "2015.03.11"]
[SourceQuality "1"]

1. c4 g6 2. d4 Nf6 3. Nc3 Bg7 4. e4 d6 5. Nf3 O-O 6. Be2 e5 7. d5 a5 8. Bg5 h6
{An important move. White has to decide, which diagonal he puts his B on.} ({
The natural} 8... Na6 $6 {is dubious, as} 9. Nd2 h6 10. Be3 {and White's
pieces are well placed.}) 9. Bh4 ({Now} 9. Be3 {could have been met by} Ng4 $1
{. Recently there was a top game with this,} 10. Bd2 f5 11. h3 Nf6 12. exf5
gxf5 13. Qc1 f4 14. g3 e4 15. Nh4 e3 16. fxe3 fxg3 17. Ng6 Rf7 18. Qc2 {
(Kramnik-Nakamura, London 2014)} Na6 $1 $132 {with a double-edged struggle.})
9... Na6 10. Nd2 Bd7 (10... Qe8 11. O-O Nh7 12. a3 Bd7 13. b3 h5 14. f3 {
transposes to the game.}) 11. O-O Qe8 {A good move. Black prepares for ...Nh7.}
12. b3 {Usually White plays on the queenside. He prepare for a3, Rb1 followed
by b4.} ({The immediate} 12. a3 $6 {is an inaccuracy, because of} a4 $1 {.})
12... Nh7 13. f3 h5 14. a3 Bh6 {The right plan by Black. The B is very active
on the c1-h6 diagonal.} 15. Rb1 (15. Kh1) ({and} 15. Bf2 {are the other main
moves.}) 15... Nc5 {At first sight this is a nice move, because Black activate
his N, on the other hand White can play for b4 without any difficulties.} ({
I think} 15... Be3+ $1 {is more accurate} 16. Kh1 (16. Bf2 Bxf2+ 17. Rxf2 Qe7
18. b4 axb4 19. axb4 h4 {with a balanced middlegame.}) 16... Bc5 {and White
can't play b4 so easily.}) 16. Qc2 f5 17. b4 axb4 18. axb4 Na4 19. Nd1 $1 $146
{A good novelty by Giri. White doesn't want to exchange the Ns and he avoids ..
.Be3 too.} (19. Nb5 Bxb5 20. cxb5 Be3+ 21. Kh1 f4 22. Nb3 {(Jussupow-Scheeren,
Eindhoven 1986)} Nb6 23. Na5 g5 24. Bf2 Bxf2 25. Rxf2 Qc8 $13 {with an unclear
position.}) 19... g5 20. Bf2 g4 {Black doesn't waste his time, he immediately
attacks on the kingside.} 21. fxg4 $6 {Probably it is an inaccuracy, but the
position becomes really unclear.} ({The engine suggests} 21. Ne3 Bxe3 (21... f4
$2 22. Nf5 $1) 22. Bxe3 f4 23. Bf2 Qg6 24. Bh4 Kh8 {the computer considers the
position to be to White's advantage, but in a practical game this is a
double-edged battle.}) 21... Bxd2 $2 {A mistake. Black should keep his B,
because that is very important on the dark squares.} (21... hxg4 $1 {was the
correct reply} 22. exf5 Bxf5 23. Bd3 Qg6 $13 {with a complicated middlegame.})
22. Qxd2 f4 23. gxh5 {White is two Ps up, but it is not clear what Black's
counterplay is.} Ng5 (23... Nf6 24. Bf3 $16 {and White is better.}) 24. Bh4 $1
{A very strong move. White doesn't protect his e4 P, because Black can attack
with ...f3.} Nxe4 25. Qc2 Bf5 (25... Nf6 26. Bxf6 Rxf6 27. Nf2 $16 {followed
by Ne4.}) 26. g4 $1 {This is the point! Now Black is in big trouble.} Ng3 {
Black tries to complicate the position, but it is already bad.} (26... fxg3 $2
{loses immediately, as} 27. Rxf5 $1 Rxf5 28. Qxe4 $18 {and White wins.}) (26...
Bh7 27. Bd3 {and the h5 P is not hanging.} Nf6 28. Bxh7+ Nxh7 29. Nf2 $18 {
and White has a brilliant position.}) 27. gxf5 Nxf1 28. Kxf1 e4 29. f6 (29. Bg4
$18 {was also fine.}) 29... Kh8 (29... f3 {could have been met by} 30. Bxf3 $1
exf3 31. Qg6+ Qxg6 32. hxg6 $18 {and White is winning.}) 30. Nf2 (30. Bg4 $18 {
was easier and Black has no hope.}) 30... f3 31. Bd1 Qxh5 (31... e3 {looks
dangerous, but} 32. Bxf3 exf2 33. Qg6 $18 {and White wins again.}) 32. Qxe4 Nc3
33. Qd4 $1 Rf7 {Black had to avoid f7.} (33... Nxb1 $2 {loses immediately, as}
34. f7+ Kh7 (34... Qe5 35. Bf6+ $18) 35. Bc2+ $18) 34. Qxc3 ({Probably} 34. Rb3
$1 $18 {was more accurate.}) 34... Qxh4 35. Bxf3 Ra2 $6 (35... Qxf6 36. Qxf6+
Rxf6 37. Rb3 Raf8 38. Ke2 Rf4 39. Rc3 $18) 36. Rb2 $6 {Not a bad move, but} (
36. Ng4 {was stronger,} Qh3+ 37. Ke1 ({Of course not} 37. Kg1 $4 {, because of}
Rg2+ $1 38. Kh1 Rxg4 $19 {and suddenly White can resign.}) 37... Qh4+ 38. Kd1
Qh3 39. Qd3 $18 {and White is winning.}) 36... Rxb2 37. Qxb2 Qxf6 38. Qxf6+
Rxf6 39. Kg2 {Well, this endgame is winning for White, but still he needs some
good plans.} Rf8 40. b5 Kg7 41. Ne4 b6 42. h4 Ra8 43. h5 (43. Ng5 $18) 43...
Ra2+ 44. Kf1 (44. Kg3 Kh6 45. Nf6 $18) 44... Kh6 45. Be2 {Now it will be a
long manoeuvring game, White will activate his pieces as much as possible.} Ra8
46. Kf2 Rf8+ 47. Ke3 Rf7 48. Bf3 Rf8 49. Kf2 Ra8 50. Be2 Ra3 51. Nf6 Ra8 52.
Ke3 Rf8 53. Ne4 Ra8 54. Kf4 Rf8+ 55. Kg3 (55. Kg4 Ra8 56. Ng3 $18) 55... Ra8
56. Nf2 Ra2 57. Bd1 Rb2 58. Ne4 Rb1 59. Be2 Rb2 60. Kf2 Ra2 61. Ke3 Ra8 62. Bg4
Ra4 63. Kf4 $1 {This is the final strong break-through.} Rxc4 64. Bd7 Kxh5 65.
Kf5 Kh6 66. Bc6 Kg7 67. Ng5 Rh4 68. Ke6 Kg6 69. Nf3 (69. Kd7 $18) 69... Rf4 70.
Nd2 Kg5 71. Ke7 Rf5 72. Ne4+ Kf4 73. Nf6 Ke5 74. Nd7+ Kd4 75. Kd8 1-0

[Event "Olympiad-42"]
[Site "Baku"]
[Date "2016.09.03"]
[Round "2.1"]
[White "Kovalyov, Anton"]
[Black "Amonatov, Farrukh"]
[Result "1-0"]
[WhiteElo "2617"]
[BlackElo "2610"]
[Annotator "Szabo,Kr"]
[PlyCount "155"]
[EventDate "2016.09.02"]
[EventType "team-swiss"]
[EventRounds "11"]
[EventCountry "AZE"]
[SourceTitle "CBM 175"]
[Source "ChessBase"]
[SourceDate "2016.11.10"]
[SourceVersion "1"]
[SourceVersionDate "2016.11.10"]
[SourceQuality "1"]
[WhiteTeam "Canada"]
[BlackTeam "Tajikistan"]
[WhiteTeamCountry "CAN"]
[BlackTeamCountry "TJK"]

1. c4 Nf6 2. Nc3 g6 3. Nf3 Bg7 4. e4 d6 5. d4 O-O 6. Be2 e5 7. Be3 Ng4 8. Bg5
f6 9. Bh4 g5 10. Bg3 Nc6 {A rare move, because the knight on g4 can be in
trouble.} (10... Nh6 {is the main line.}) 11. d5 Nd4 {A brave move, Black
sacrifices a pawn and he tries to activate his bishop.} ({In the event of} 
11... Ne7 12. Nxg5 (12. Nd2 Nh6 13. f3 f5 14. Bf2 Ng6 15. g3 fxe4 16. fxe4 b6
17. Be3 a6 18. h3 Rb8 $5 {/\ ...b5} (18... Nf7 19. Bg4 $16 {Rapport-Malachi,
Sarajevo 2010, and White exchanges the important light-squared bishops.}))
12... Nxf2 13. Bxf2 fxg5 14. Be3 Ng6 15. g3 $36 {Inarkiev-Gluhovsky, St
Petersburg blitz 2015, and White looks nicely placed.}) 12. Nxd4 exd4 13. Qxd4
f5 14. Qd1 Bxc3+ 15. bxc3 Nf6 16. exf5 Ne4 ({The natural} 16... Bxf5 $5 {
was also possible.}) 17. Rc1 Qf6 (17... Bxf5 $5) 18. Qd4 Bxf5 19. Qxf6 Rxf6 20.
f3 Nc5 {Black holds on to his knight, because the position is closed, so he
hopes White can't activate his bishops.} (20... Nxg3 21. hxg3 $16 {looks very
comfortable for White. His plan is g4, Kd2, Bd3.}) 21. Kd2 Re8 ({The computer
suggests the strange} 21... g4 $5 {, but I don't really know why should Black
open the position.}) 22. Rhe1 g4 (22... Rf7 23. Bf2) 23. Bf1 ({In the event of
the capture of the pawn with} 23. fxg4 Ne4+ 24. Kd1 Bd7 $44 {and suddenly
Black has some practical chances.}) 23... Rff8 24. Rxe8 Rxe8 25. Bf2 gxf3 26.
gxf3 {White had an isolated pawn on f3, but that controls the important
e4-square.} Nd7 (26... Kf7 $5) 27. Be2 Kf7 (27... Ne5 $6 {could have been met
by} 28. c5 $1 $16 {and White is clearly better.}) 28. Rg1 b6 29. Bd4 Bg6 (29...
Ne5 $2 {is bad, as} 30. f4 Ng6 31. Rg5 Be4 32. Bg4 $16 {and White's bishops
become very strong.}) 30. Rg4 Ne5 31. Rg5 h6 32. Rg3 Bf5 (32... c5 $5 {was an
interesting option to change the structure.}) 33. Be3 (33. f4 Ng6) 33... Ng6
34. Bf1 $1 {The right plan. White has to exchange the light-squared bishop
from h3, otherwise he can't improve his position.} Rh8 35. Bd4 Rg8 36. Bh3 Ne7
(36... Bxh3 37. Rxh3 $16) 37. Bg4 Rg5 38. Ke2 a6 39. a4 a5 40. Kd2 $22 {
Suddenly Black is in zugzwang! This is very rare in these types of position.}
Rg8 41. Rg1 (41. Bxf5 $1 {was winning immediately} Nxf5 42. Rxg8 Kxg8 43. Bf6
$1 $18 {followed by Bd8.}) 41... Kf8 42. Rg3 ({In the event of} 42. Bxf5 $5
Rxg1 43. Bxg1 Nxf5 44. Kd3 Kf7 45. Ke4 Kf6 {and White should be winning, but
Black still keeps up his fortress.}) 42... Bb1 43. Bd7 Rg6 44. Be3 (44. Rg4 $5)
44... Kf7 45. Bg4 Kg7 46. Rg1 Bf5 $6 ({The engine suggests the brave} 46... Ba2
$5 47. Kd3 h5 48. Bxh5 Rxg1 49. Bxg1 Bb1+ 50. Ke3 Ba2 {and White should be
better, but the a2-bishop gives some counterchances for Black.}) 47. h4 Kf8 48.
h5 Rf6 49. Re1 Ng8 50. Bd4 Rf7 51. Re2 Bd7 52. Bxd7 Rxd7 53. Re4 Rf7 54. Ke3
Ne7 55. Rg4 Ke8 ({In the event of} 55... Rf5 56. Rf4 $18) ({or} 55... Nf5+ 56.
Ke4) 56. Ke4 Rf5 57. Rg7 (57. Rg8+ $1 {was winning immediately,} Nxg8 (57...
Kf7 58. Rg7+ $18 {followed by Rxe7.}) 58. Kxf5 $18 {and all Black's pawns are
fixed on dark squares.}) 57... Rxh5 58. Bf6 Ng8 $1 {Still the best practical
chance to escape a R endgame.} 59. Rxg8+ Kf7 60. Rc8 Kxf6 61. Rxc7 Re5+ 62. Kd4
Rf5 63. Rc6 Ke7 64. Ke4 Re5+ 65. Kf4 Rh5 66. Rxb6 Rh4+ 67. Kf5 Rxc4 68. Rb7+
Kf8 69. f4 (69. Kf6 $18 {was also winning.}) 69... Rxa4 70. Rc7 $1 {The right
reply! White has to avoid ...Rc4 moreover he prepares for c4. Black is
helpless.} h5 71. c4 h4 72. Kf6 Kg8 73. Kg6 Kf8 74. f5 Ra1 75. Rc8+ Ke7 76. f6+
Kd7 77. f7 Rg1+ 78. Kh5 1-0